Geography Quiz

Random Geography or World Quiz

Lost My Color: Flags Quiz Stats

 Plays Quiz Updated Nov 6, 2018

Support Sporcle.
Go Orange.
Score 0/25 Timer 04:00
1 Play Today
Question Answer Wrong Answers
Japan Crimson Glory
96%
Chinese Gold
0.3%
Blue
0.2%
Black
0.3%
Canada Red
95.9%
Yellow
0.1%
Green
0.2%
Pink
0.5%
France Imperial Red
95.3%
Spanish Green
0.8%
Golden Yellow
0.4%
Black
0.2%
United Kingdom White
95.3%
Yellow
0.8%
Pink
0.4%
Maximum Yellow Red
0.3%
Ireland Shamrock Green
94.8%
Alizarin Crimson
0.9%
Black
0.3%
Blue
0.6%
Italy White
93.7%
Yellow
1.5%
Pink
0.2%
Deep Saffron
1.2%
New Zealand Catalina Blue
93.5%
White
0.8%
Yellow
0.3%
Iceberg
2%
United States of America American Red
93%
Black
0.2%
Catalina Blue
3.4%
Pakistan Green
0.2%
Germany Tangerine Yellow
92.3%
White
2.1%
Green
1.8%
Blue
0.5%
Mexico Bangladesh Green
92.1%
Black
0.9%
Blue
1.6%
Deep Saffron
2.1%
Argentina Iceberg
91.9%
Maximum Yellow Red
0.9%
Red
2.1%
Green
1.6%
Brazil Yellow (Pantone)
91.4%
White
3.6%
Black
1.1%
North Texas Green
0.5%
Norway Deep Carmine Pink
91.2%
Shamrock Green
0.8%
Tangerine Yellow
3.8%
Black
0.9%
Russia Philippine Blue
90%
Bangladesh Green
1.6%
Tangerine Yellow
1.9%
Black
3.1%
Spain Golden Poppy
88.4%
White
5.6%
Blue
0.9%
Spanish Green
1.8%
Chile White
88.4%
Yellow
4.3%
Maximum Yellow Red
1.2%
North Texas Green
2.8%
Australia White
87.4%
Red
2.7%
Yellow
5.4%
Black
1.2%
China Golden Yellow
87.2%
Pink
0.2%
White
9%
Blue
0.5%
Iceland Alizarin Crimson
85.6%
Tangerine Yellow
8.2%
Maximum Yellow Red
1.9%
Spanish Green
1%
Portugal Pakistan Green
84.3%
Catalina Blue
3.5%
Black
1.6%
White
7.4%
Sweden Philippine Yellow
83.9%
Deep Carmine Pink
2.4%
White
10.2%
Black
0.2%
India Deep Saffron
83.7%
Yellow (Pantone)
4.1%
Philippine Red
8%
Blue
1%
Egypt Philippine Red
75.6%
Chinese Gold
6.3%
Green
12%
Iceberg
2.9%
South Africa Spanish Yellow
74.9%
Philippine Blue
0.7%
Crimson Glory
1.1%
White
20%
Iraq Black
64.1%
Green
28.4%
Blue
1.9%
Maximum Yellow Red
2.4%

You're not logged in!

Compare scores with friends on all Sporcle quizzes.
OR
Log In

From the Vault

Language Facts

by bowsntoys

It's never too late to teach an old dog new facts.
Remove Ads.
Support Sporcle.
Get the best of Sporcle when you Go Orange. This ad-free experience offers more features, more stats, and more fun while also helping to support Sporcle. Thank you for becoming a member.

Show Comments

Extras

Top Quizzes Today


Score Distribution

Your Account Isn't Verified!

In order to create a playlist on Sporcle, you need to verify the email address you used during registration. Go to your Sporcle Settings to finish the process.

Report this User

Report this user for behavior that violates our Community Guidelines.

Details: